000 00532nam a2200169 i 4500
001 149340
003 ES-MaACL
005 20240423092726.0
007 t|
008 071019s1956 sp ||||1| spa d
245 0 0 _a24 vidas apasionantes /
_c[edición cuidada y anotada por Fernando Quiñones].
260 _a[Madrid] :
_bSelecciones del Reader's Digest,
_c[1956]
300 _a174 p. :
_bil. ;
_c19 cm.
700 0 _aQuiñones, Fernando,
_d1930-1998
_994750
852 _aES-MaACL
_jC-13874
_bR.40187
999 _c149340
_d149340